Možnosti využitia termicky striekaných keramických vrstiev konštrukcií AHSP : Diplomová práca

Na minha lista:
Detalhes bibliográficos
Autor principal: Srncová, Mária (Author)
Outros Autores: Jančarik, Miroslav (xxx)
Formato: Manuscrito Livro
Idioma:eslovaco
Publicado em: Trnava : STU v Bratislave MtF KZv, 2002
Assuntos:
Tags: Adicionar Tag
Sem tags, seja o primeiro a adicionar uma tag!

MARC

LEADER 00000ntm a22000003a 4500
001 stu76242
005 20160719155036.6
008 020624s2002----xo------------------slo-d
040 |a STU  |b slo 
041 0 |a slo 
044 |a xo 
100 1 |a Srncová, Mária  |4 aut 
245 1 |a Možnosti využitia termicky striekaných keramických vrstiev konštrukcií AHSP :  |b Diplomová práca 
260 |a Trnava :  |b STU v Bratislave MtF KZv,  |c 2002 
300 |a 76 s  |c abstr. + príl. 
650 7 |a keramické vrstvy  |2 stusub 
650 7 |a axiálne hydrostatické prevodníky  |2 stusub 
650 7 |a strojárske technológie  |2 stusub 
700 1 |a Jančarik, Miroslav  |4 xxx